[Event "Reggio Emilia 9798 40th"]
[Site "Reggio Emilia"]
[Date "1997.12.26"]
[Round "1"]
[White "Mantovani, Renzo"]
[Black "Romanishin, Oleg M"]
[Result "1/2-1/2"]
[WhiteElo "2375"]
[BlackElo "2550"]
[Annotator "Ribli,Z"]
[PlyCount "56"]
[EventDate "1997.12.26"]
[EventType "tourn"]
[EventRounds "11"]
[EventCountry "ITA"]
[EventCategory "10"]
[SourceTitle "CBM 063"]
[Source "ChessBase"]
[SourceDate "1998.03.26"]
[SourceVersion "1"]
[SourceVersionDate "1998.03.26"]
[SourceQuality "1"]

1. e4 c5 {Eine kleine Überraschung. Normalerweise spielt Romanishin 1...e5.
Ribli.} 2. Nf3 e6 3. d4 cxd4 4. Nxd4 a6 5. Nc3 Qc7 6. g3 Nf6 7. Bg2 Nc6 8. O-O
h6 {Die Hauptidee dieses auf den ersten Blick sonderbaren Zuges ist, wenn Weiß
9.Re1 spielt, folgt 9...Nxd4 10.Qxd4 Bc5 11.Bf4 d6 12.Qd3 Ng4! und Schwarz
kann das Springermanöver ...Ng4-...Ne5 mit Tempo ausführen, weil f2 hängt. So
wäre 8...h6 ein nützlicher Tempoverlust oder Tempogewinn, aber wenn Weiß mit
10.e5 kommt, führt dies zu großen Komplikationen.} (8... d6 9. Re1 Be7 10. Nxc6
bxc6 11. e5 dxe5 12. Rxe5 $14) (8... Be7 $5 9. Re1 O-O 10. Nxc6 dxc6 11. e5 Rd8
$11 {Vielleicht steht Weiß hier dank seines Raumvorteils minimal besser, aber
Schwarz hat ausgezeichnete Chancen, das Gleichgewicht zu wahren.}) 9. Re1 (9.
Nb3 d6 10. a4 b6 11. Be3 Be7 12. f4 Rb8 13. Qe2 Na5 14. Nd4 O-O 15. Rad1 Bb7
16. Kh1 Qc4 17. Rd3 Nc6 18. Nxc6 Qxc6 19. g4 d5 {1/2-1/2 Pavlovic,M-Cabrilo,G/
JUG-chT 1994 (34)}) (9. Nxc6 dxc6 10. Be3 e5 11. Na4 Be6 12. Bb6 Qc8 13. Nc5
Be7 14. Qd2 O-O 15. Rad1 Re8 16. Qc3 Bh3 {+/= Bielczyk,J-Romanishin,O/Riga 1981
}) (9. b3 Be7 10. Na4 b5 11. e5 bxa4 12. Nxc6 dxc6 13. exf6 Bxf6 14. Ba3 Bxa1
15. Qxa1 f6 16. Qd1 Kf7 17. Bd6 Qd7 18. Qh5+ g6 19. Qc5 Bb7 20. Rd1 axb3 21.
cxb3 Rad8 22. h4 h5 23. b4 Kg8 24. Rd4 Qg7 25. Be4 Re8 26. f4 Qf7 27. a4 {
1/2-1/2 Ivanchuk,V-Huebner,R/Wijk 1996}) (9. a4 Nxd4 10. Qxd4 Bc5 11. Qd3 d6
12. Be3 Bxe3 13. Qxe3 O-O 14. a5 Bd7 15. Rfd1 Bc6 16. Qd4 Rfd8 17. Qb4 Rab8 18.
Rd2 d5 19. exd5 Nxd5 20. Nxd5 Bxd5 21. Bxd5 {1/2-1/2 Cifuentes Parada,
R-Romanishin,O/Rubinstein mem 1992}) 9... Nxd4 10. e5 $5 {Eine sehr
interessante Idee, die das erste Mal in ähnlicher Stellung schon 1983 vom
schottischen Spieler Motwani gespielt wurde! Dort war 8...Be7 gespielt. Was
Motwani spielt, das ist auch gut für Mantovani. Weiß opfert Material für
freies Spiel.} (10. Qxd4 Bc5 11. Qd1 d6 12. Be3 Bd7 13. Qd2 Ke7 14. Rad1 Rhd8
15. Bd4 e5 16. Bxc5 Qxc5 17. Nd5+ Nxd5 18. Qxd5 Qxd5 19. Rxd5 Rac8 20. Rd2 Rc6
21. c3 Be6 22. a3 Rdc8 23. Bf1 b5 24. Bd3 {Ankerst,M-Lau,R/BL9596 1996/1/2-1/2
(52)}) 10... Nb5 (10... Nxc2 $2 11. Qxc2 Nd5 12. Bxd5 exd5 13. Qd1 $16) 11.
Nxb5 axb5 12. exf6 gxf6 13. Bf4 $146 (13. c3 Ra4 (13... d6 14. Be3 Bd7 15. Qf3
$1 (15. Qh5 Bc6 16. Bb6 Qe7 17. a3 Rg8 18. f4 Bxg2 19. Kxg2 Qd7 20. Kg1 Be7 21.
Qxh6 Qc6 22. Bf2 O-O-O 23. Qh7 Rdf8 24. Qe4 Qxe4 25. Rxe4 d5 $10 {= de Firmian,
N-Rohde,M/New York (open) 1988}) 15... Bc6 16. Qxf6 Rg8 17. Bxh6 $16 {/\} Rg6
18. Rxe6+ $1) 14. Qb3 $6 (14. Qd3 $1 Ra5 15. b4 Ra6 16. Bf4 $1 Bd6 17. Bxd6
Rxd6 18. Qxb5 $16 {Matulovic,M}) 14... Ra5 15. Bd2 b6 16. Qd5 Be7 17. Qh5 Bb7
18. Bxb7 Qxb7 19. b4 Ra3 20. Qxb5 h5 21. h4 Bd6 22. Re3 Ke7 $10 {Matulovic,
M-Djuric,S/Jugoslavija 1992}) (13. Qf3 Be7 14. Qg4 Kf8 15. c3 h5 16. Qe2 Qc4
17. Qd1 d5 18. h4 Qg4 19. Qd3 Bd7 20. Be3 Bc6 {1/2-1/2 Sutovskij,E-Rohde,M/
World op 1993 (64)}) (13. Re4 d6 14. Rf4 Be7 15. Rh4 f5 16. Rxh6 Rxh6 17. Bxh6
Bf6 18. c3 Bd7 19. a3 Bc6 20. Qd2 {Mantovani,R-Franzoni,G/SWZ-chT 1991/0-1 (64)
}) 13... d6 (13... e5 $5 {Natürlich ist das ein riskanter Zug, der die
Kontrolle über das Feld d5 aufgibt. Er führt aber (nur) zu gleicher Stellung.}
14. Bd5 $44 (14. Qd3 $44) (14. Qh5 $44 {[%csl Re8]})) 14. Re3 $5 {[%cal Ge3c3,
Gc3c7]} Bd7 (14... e5 15. Rc3 $44 {Weiß hat großen Entwicklungsvorteil,
während der schwarze König in der Mitte steht. Weiß kontrolliert auch das
wichtige Zentrumsfeld d5. Es ist aber nicht so leicht, einen konkreten
Angriffsplan zu finden.}) 15. Rd3 Bc6 16. Bxd6 Bxd6 17. Rxd6 $11 {Weiß hat den
Bauern zurückgewonnen, aber nach folgenden Vereinfachungen entsteht nur eine
ausgeglichene Stellung. Die beiden schwarzen Doppelbauern sind nicht so
schwach und die Schwerfiguren bieten immer Remischancen.} Ke7 18. Rd4 Bxg2 19.
Kxg2 {Weiß hat die viel bessere Bauernstruktur, was im Bauernendspiel von
Bedeutung wäre. In unserer Stellung es ist nicht leicht für Weiß, die schwarze
Schwächen angreifen.} Rhd8 (19... Qc6+ $5 20. Qf3 (20. Kg1 Rhd8) 20... Rhd8 $11
21. Qxc6 bxc6 22. Rxd8 Rxd8 {[%cal Gd8d2]}) 20. c3 Qb6 (20... Qc6+ 21. Kg1 $11
(21. Qf3 Rxd4 22. cxd4 Ra4 $15 {[%csl Ga4][%cal Ga4a1,Ga4d4]})) 21. Qd2 Rxd4
22. cxd4 (22. Qxd4 $6 Qxd4 23. cxd4 Ra4 $15 {[%cal Ra4d4,Ra4a2]}) 22... Qd6 23.
Qxh6 Qxd4 {[%csl Ga8,Gd4] Die schwarze Dame ist gut zentralisiert und auch der
Turm a8 steht aktiver als sein Gegenüber.} 24. Qh5 $1 Qe4+ (24... Qxb2 25. Qc5+
Ke8 26. Rd1 $44 Qxa2 (26... Rxa2 $2 27. Qc8+ Ke7 28. Qd8#) 27. Qxb5+ Kf8 28.
Qxb7 $14) 25. Qf3 (25. Kg1 e5) 25... f5 26. h4 {Dieser weiße Freibauer wäre
entscheidend im Bauernendspiel, aber mit Türmen auf dem Brett ist er nicht
besonders gefährlich.} Kf6 27. a3 b4 28. a4 Ra5 {und hier wurde in gleicher
Stellung remis gegeben. Ribli.} (28... Ra5 29. Qxe4 fxe4 30. Re1 Kf5 (30...
Rxa4 31. Rxe4 $14 {[%csl Ra4][%cal Ge4a4]}) (30... Ke5 $6 31. f3 Rxa4 32. Rxe4+
$16) 31. b3 b5 $11) 1/2-1/2

[Event "Sofia MTel Masters 1st"]
[Site "Sofia"]
[Date "2005.05.12"]
[Round "1"]
[White "Adams, Michael"]
[Black "Polgar, Judit"]
[Result "1/2-1/2"]
[WhiteElo "2737"]
[BlackElo "2732"]
[Annotator "Ribli,Z"]
[PlyCount "148"]
[EventDate "2005.05.12"]
[EventType "tourn"]
[EventRounds "10"]
[EventCountry "BUL"]
[EventCategory "20"]
[SourceTitle "CBM 107"]
[Source "ChessBase"]
[SourceDate "2005.08.01"]
[SourceVersion "1"]
[SourceVersionDate "2005.08.01"]
[SourceQuality "1"]

1. e4 c5 2. Nf3 e6 3. d4 cxd4 4. Nxd4 Nc6 5. Nc3 Qc7 6. g3 {Der englische
Großmeister spielt gern und erfolgreich das g3-System gegen die
Taimanov-Paulsen Variante.} a6 (6... d6 7. Ncb5 Qb8 8. c4 Nf6 9. Bg2 Nxd4 10.
Nxd4 Be7 11. O-O O-O 12. b3 Rd8 13. Qe2 Bd7 14. a4 Be8 {1/2-1/2 Adams,
M-Pelletier,Y/Noyon 2005/(55)}) 7. Bg2 Nf6 (7... d6 8. O-O Bd7 9. Re1 Be7 10.
Nxc6 bxc6 11. Na4 c5 12. e5 Bc6 13. exd6 Bxd6 14. Qg4 {1-0 Adams,M-Hjartarson,
J/Reykjavic 2003/ (37)}) 8. O-O Nxd4 9. Qxd4 Bc5 10. Qd3 {Das ist die
Abweichung von Weiß, denn 5 Jahre früher Adams spielte gegen Polgar J. die
Variante 11.Qd2.} (10. Bf4 d6 11. Qd3 (11. Qd2 h6 12. Rad1 e5 13. Be3 Be6 14.
Bxc5 dxc5 15. f4 O-O 16. Qd6 Qa5 17. Qd2 Rad8 $5 18. Nd5 Qxd2 19. Rxd2 Bxd5 $1
20. exd5 exf4 21. Rxf4 Ne8 $11 {[%csl Yd6][%cal Ge8d6] 1/2-1/2 Adams,M-Polgar,
J/Wijk aan Zee 2000/CBM 075/[Ribli] (27)}) 11... Nd7 12. Na4 e5 13. Bd2 b5 14.
Nxc5 Nxc5 15. Qc3 (15. Qa3 Bb7 16. Ba5 Qe7 17. Qe3 O-O 18. Rad1 f5 19. exf5
Rxf5 $6 (19... Bxg2 $5) 20. Bxb7 Nxb7 21. Bb4 {1-0 Adams,M-Bauer,C/Belfort
2004/ (37)}) 15... Bb7 16. a4 Qc6 17. axb5 axb5 18. Rxa8+ Bxa8 19. f3 Ke7 20.
Qe3 f6 21. Rd1 Bb7 22. Bb4 {1-0 Adams,M-Hernandez,G/Calvia ol 2004/ (30)})
10... Ng4 {Damit zielt der schwarze Springer auf das Feld e5.} 11. Qe2 Ne5 12.
Kh1 d6 (12... O-O 13. f4 Nc6 14. Be3 Bxe3 15. Qxe3 b5 16. Rad1 d6 17. a3 Bb7
18. f5 Ne5 19. f6 gxf6 20. Rxf6 Kh8 21. Rh6 Rg8 22. Rh5 f6 23. Qd4 Rad8 24. Rf1
Qe7 {0-1 Romero Holmes,A-Illescas Cordoba,M/Monzon 1987/EXT 2002 (38)}) 13. f4
Nc6 (13... Nd7 14. f5 O-O 15. f6 Bd4 16. fxg7 Bxg7 17. Bg5 f6 18. Bf4 Ne5 19.
Rad1 b5 20. Rf2 Bb7 21. a3 Rad8 22. Bh3 Rfe8 {1-0 Milosevic,G-Wyss,T/SUI 2002/
EXT 2003 (45)}) 14. Be3 b6 $146 {[%mdl 4]} (14... Bxe3 15. Qxe3 O-O (15... b5
16. e5 d5 17. Qc5 Bd7 18. a4 b4 19. Nb5 axb5 20. axb5 Ra5 21. c4 bxc3 22. bxc3
Kd8 23. c4 Rxa1 24. Rxa1 Nb8 {0-1 Baklan,V-Bagaturov,G/Enakievo Momot mem 1997
(39)}) 16. a4 Bd7 17. Rad1 Rfd8 18. Qd2 Be8 19. Rf3 Nb4 20. f5 Qe7 21. f6 $40 {
1/2-1/2 Baklan,V-Ruzele,D/Berlin 1997/EXP 59 (30)}) 15. f5 {Nach diesem Zug
verliert Weiß die Kontrolle über das Feld e5, aber im folgenden bekommt Weiß
Angriffchancen am Königsflügel.} Ne5 {[%csl Ge5] Der Ne5 steht ausgezeichnet
und dominiert auf dem Brett.} 16. Rad1 Bb7 17. Bg5 O-O {Schwarz hat keine
Angst vor dem weißen Angriff am Königsflügel.} 18. f6 $36 g6 19. Na4 {[%cal
Ga4c5] Es ist notwendig, den gegnerische schwarzfeldrigen Läufer zu tauschen.}
b5 20. Nxc5 Qxc5 21. b3 $6 {Mit diesem Zug verteidigt sich Weiß gegen Nc4,
aber folgende Alternative kommt stark in Betracht.} (21. Bc1 $5 Rac8 22. Qd2
Kh8 23. c3 Nc4 24. Qh6 Rg8 25. Rf4 g5 26. Rg4 Rg6 27. Rxg5 Rxh6 28. Rxc5 Rxh2+
29. Kxh2 Rxc5 30. g4 $16) 21... Rac8 22. Bh6 Rfe8 23. Rd2 d5 $1 {[%cal Gb7h1]
Schwarz beginnt sein Gegenspiel im Zentrum.} 24. Be3 Qb4 25. Bf4 (25. exd5 Bxd5
) 25... Nd7 26. e5 {Weiß möchte die Zentrumstellung geschlossen halten.} Nc5 {
[%csl Ye4][%cal Gc5e4]} 27. h4 (27. Be3 Ne4 28. Rd4 Qc3 29. Rfd1 Qxc2 (29... b4
) 30. Qxc2 Rxc2 31. Bxe4 dxe4 32. Rd8 Rc8 33. Rxe8+ Rxe8 34. Rd7 Bd5 35. Rc7 h5
36. Kg1 $14) 27... Ne4 28. Bxe4 dxe4 29. Kh2 Red8 30. Rfd1 Rd5 31. Be3 Rxd2 (
31... Rcd8 32. c4 bxc4 33. bxc4 Rxd2 34. Rxd2 Rxd2 35. Qxd2 Qxd2+ 36. Bxd2 Kf8
37. Kg1 Ke8 38. Kf2 Kd7 39. Ke3 $16) 32. Qxd2 Qxd2+ 33. Rxd2 $14 {[%mdl 4096]}
Bd5 {[%csl Gd5] Weiß verfügt über bessere Aussichten in diesem Endspiel, aber
Schwarz kann sich gut verteidigen.} 34. Bd4 (34. g4 $5) 34... h5 $1 35. Kg1 Kh7
36. c3 g5 {[%cal Gh7g6,Gg6f5]} 37. hxg5 Kg6 38. Kf2 Kxg5 39. Ke3 Kg4 40. Rh2
Rh8 41. Kf2 h4 $6 {Es scheint, daß mit ungleichen Läufern das Endspiel Remis
ist, aber Schwarz muss sehr genau spielen.} (41... a5 $5) 42. Rxh4+ Rxh4 43.
gxh4 Kxh4 44. Ke3 a5 (44... Kg4 45. Bc5 Kf5 46. Bd6 Kg4 47. Kd4 Kf3 48. c4 bxc4
49. bxc4 Ba8 50. Bb4 e3 51. Kc5 e2 52. Kd6 $18) 45. Kf4 {[%csl Rf7,Rh4] Der
schwarze König steht sehr passiv auf h4 und der P f7 ist eine potentielle
Schwächung in der schwarze Stellung.} a4 46. bxa4 (46. c4 bxc4 47. bxa4 $14 {
[%csl Ga4]}) 46... bxa4 47. a3 Bb7 48. Be3 Bd5 49. Bd2 {[%cal Gf4e3,Ge3d4]} Bb7
50. Be1+ (50. Ke3 Kg4 51. Kd4 Kf5 52. c4 Ba6 {Auf diese Weise kommt mit
Zugumstellung die Partiefortsetzung auf Brett.}) 50... Kh5 51. Bf2 Kg6 52. Bc5
Bd5 53. Be3 Bb7 54. Bd2 Bd5 55. Ke3 Kf5 56. Kd4 Bb7 57. c4 Ba6 58. Bc3 (58. Be3
Bb7) 58... Kf4 59. Kc5 e3 60. Kd6 Bxc4 $1 61. Ke7 Kf5 62. Kxf7 Be2 63. Ke7 Bh5
{[%cal Gh5f7] Schwarz muss den Läufer für den f-Bauern geben.} 64. f7 Bxf7 65.
Kxf7 e2 66. Ke7 e1=Q $1 67. Bxe1 Kxe5 $11 {Mittels seinem blockierten a-Bauern
und dem schwarzfeldrigen Läufer kann Weiß nicht gewinnen, wenn der schwarze
König in der Ecke steht.} 68. Kd7 Kd5 69. Kc7 e5 70. Kb6 Kc4 71. Ka6 Kb3 72.
Bb4 e4 73. Bc5 e3 74. Bxe3 Kxa3 1/2-1/2

[Event "Schahin Cury"]
[Site "Americana"]
[Date "1997.07.08"]
[Round "1"]
[White "Zapata, Alonso"]
[Black "Vescovi, Giovanni P"]
[Result "0-1"]
[WhiteElo "2505"]
[BlackElo "2480"]
[Annotator "Ribli,Z"]
[PlyCount "68"]
[EventDate "1997.07.08"]
[EventType "tourn"]
[EventRounds "10"]
[EventCountry "BRA"]
[EventCategory "9"]
[SourceTitle "CBM 061"]
[Source "ChessBase"]
[SourceDate "1997.11.23"]
[SourceVersion "1"]
[SourceVersionDate "1997.11.23"]
[SourceQuality "1"]

1. e4 {Meulders} c5 2. Nf3 e6 3. d4 cxd4 4. Nxd4 Nc6 5. Nc3 Qc7 6. g3 a6 7. Bg2
Nf6 8. O-O Bc5 9. Bf4 e5 (9... Ne5) 10. Nb3 exf4 (10... Bb4 11. Bd2 Bxc3 {
Das ist eine gute Idee für Schwarz. Die weißen Leichtfiguren stehen nicht
besonders stark auf b3 und c3.Ribli.} (11... h6 12. Nd5 Nxd5 13. exd5 Bxd2 14.
Qxd2 Nd8 15. d6 {1-0 De Firmian,N-Nieminen,K/Rilton Cup96/97 1996 (31)}) 12.
Bxc3 d6 $11 13. Qd2 Be6 14. h3 O-O-O 15. Rfd1 d5 16. exd5 Bxd5 17. Qg5 h6 18.
Qf5+ Be6 19. Qf3 {1/2-1/2 Istratescu,A-Varga,Z/Budapest zt-plof 1995 (65)}) 11.
Nxc5 d6 12. Nd3 (12. Nd5 Qd8 13. Nd3 fxg3 14. fxg3 Ng4 15. h3 Nge5 16. Nxe5
Nxe5 17. Qd4 {1-0 Mackic,Z-Ivanisevic,I/JUG-chT 1997 (39)}) 12... fxg3 13. hxg3
{Weiß ist besser entwickelt und erfreut sich der besseren Bauernstruktur. Aber
die Lage ist nicht ganz so klar, weil der weiße Läufer nicht besonders stark
ist und Schwarz sein Spiel auf den schwarzen Feldern organisieren kann.} (13.
fxg3 Be6 14. Qd2 Ne5 15. Kh1 O-O-O $13) 13... Be6 $146 {Mit diesem Zug gibt
Schwarz seinen Läufer für den Nc3 und bekommt eine solide, aber ein wenig
passive Stellung.} (13... h5 {Dieser Zug führt zu schweren Komplikationen.} 14.
Re1 (14. Nd5 Qd8 (14... Nxd5 15. exd5 Ne7 16. Qd2 h4 17. Qg5 Kf8 18. Rfe1 hxg3
19. fxg3 Qb6+ 20. Nf2 f6 {1-0 Bojkovic,N-Stepovaia Dianchenko,T/JUG-chTW 1997/
EXP 59 (35)} (20... f6 21. Qe3 Qd8 22. Nd3 Rh5 23. Nf4 Re5 24. Qf2 Kg8 25. Nd3
Rg5 26. Nf4 Nf5 27. Ne6 Bxe6 28. dxe6 Qe7 29. Rad1 Nxg3 30. Rd3 Nf5 31. Kf1 Rc8
32. b3 g6 33. c4 Kg7 34. Qb6 Rc7 35. c5 d5 36. Qxc7 {1-0 Bojkovic,N-Stepovaia
Dianchenko,T/JUG-chTW 1997/EXP 59})) 15. Qe1 (15. Nxf6+ Qxf6 16. Qf3 Qxf3 17.
Bxf3 {1/2-1/2 Gipslis,A-Kohlweyer,B/Nuernberg Weilburg op 1996}) 15... Kf8 16.
Qc3 Nxd5 17. exd5 Ne7 18. Rae1 Bf5 {0-1 Ivanov,A-De Firmian,N/USA-ch Modesto
1995/CBM 51/[Ribli] (36)} (18... Bf5 19. Nf4 Rc8 20. Qf3 g5 21. Ne2 Bg4 22. Qf6
Ng6 23. Qxd8+ Rxd8 24. Nd4 Kg7 25. Re3 h4 26. Be4 Ne5 27. Bf5 Bxf5 28. Nxf5+
Kg6 29. f4 Ng4 30. Ne7+ Kh5 31. Re4 hxg3 32. Nf5 Nf6 33. Re7 Nxd5 34. Rxb7 gxf4
35. c4 Rb8 36. Rxf7 Kg6 37. Nxd6 {0-1 Ivanov,A-De Firmian,N/USA-ch Modesto
1995/CBM 51/[Ribli]})) 14... Kf8 15. Nd5 Nxd5 16. exd5 Ne7 17. c4 (17. Nf4 h4
18. g4 Bd7 19. Qf3 Qxc2 20. Rac1 $36 {Szmetan,J-Milos,G/Mar del Plata/1996/
EXP51/}) 17... Bf5 18. c5 h4 19. c6 hxg3 20. fxg3 bxc6 21. dxc6 d5 22. Nf4 Qb6+
23. Kf1 Qxc6 24. Qe2 Qf6 {1/2-1/2 Stojanovic,M-Kunte,A/WchJM U20 1997/EXP 59 
(27)} (24... Qf6 {Meulders} 25. Qe5 Rh6 26. Qxf6 gxf6 27. Rac1 Be4 {1/2-1/2
Stojanovic,M-Kunte,A/WchJM U20 1997/EXP 59})) (13... Ne5 14. Nxe5 dxe5 15. Nd5
Nxd5 16. exd5 Qd6 17. c4 O-O 18. Qd2 a5 19. a3 f5 20. b4 f4 21. c5 Qh6 22. d6 {
Kveinys,A-Ruzele,D/Bonn GSK-3 1996/CBM 56/[Ribli]/1/2-1/2 (38)} (22. d6 {
Meulders} f3 23. Qxh6 gxh6 24. Bh1 Bd7 25. Rfe1 axb4 26. axb4 Rxa1 27. Rxa1 e4
28. Re1 {Kveinys,A-Ruzele,D/Bonn GSK-3 1996/CBM 56/[Ribli]/1/2-1/2 (38)})) 14.
Nd5 (14. Nf4 O-O 15. Nxe6 $6 fxe6 $11 {Schwarz kontrolliert die wichtigen
Felder im Zentrum.}) 14... Bxd5 15. exd5 Ne7 (15... Ne5 $2 16. Nxe5 dxe5 17. d6
$16 {[%csl Gd6][%cal Gg2b7]}) 16. c4 $14 {Weiß besitzt Raumvorteil, sowie die
Bauernmehrheit am Damenflügel. Schwarz hingegen kommt nicht zu ernsthaftem
Gegenspiel.} O-O (16... Qxc4 17. Re1 $44 {[%csl Re8][%cal Ge1e8]} (17. Re1 {
Meulders} Nfxd5 18. Rc1 Qxa2 19. Bxd5 Qxd5 20. Rc7 O-O 21. Rexe7 $16)) 17. Rc1
Rad8 {Schwarz unterbindet die Fortsetzung c4-c5.} 18. Re1 (18. c5 $2 Nexd5)
18... b6 $2 {Die Drohung 19.c4-c5 ist nicht gefährlich. Mir ist nicht
verständlich, warum Schwarz seine Stellung von sich aus schwächt.} 19. Nb4 {
[%csl Ra6,Rc6]} a5 20. Nc6 {[%csl Gc6]} Rde8 (20... Nxc6 21. dxc6 $16 {[%csl
Gc6] Weiß besitzt dank seines starken, vom Bg2 unterstützten Pc6 positionellen
Vorteil.}) 21. Qd4 {Droht 22.Ne7 Re7 23.Re7 Qe7 24.Qb6.} Ng6 22. a3 {Weiß
bereitet 23.b4 mit aktivem Spiel am Damenflügel vor.} (22. b3) 22... a4 23.
Rxe8 Rxe8 24. Qd1 h5 {Schwarz verteidigt sich nicht, sondern strebt Gegenspiel
am Königsflügel an.} (24... Ra8 25. Nd4 $14) (24... Ra8 {Meulders}) 25. Qxa4 h4
26. Qb3 {Die weiße Dame hält die dritte Reihe.} Qc8 {Es ist nicht klar, was
Schwarz für das geopferte Material hat, aber seine Figuren stehen aktiv und
gefährlich am Königsflügel.} (26... hxg3 27. fxg3 (27. Qxg3 Nh5 {[%csl Rf4]}))
27. Qc3 {/\Re1} (27. Qxb6 {Das ist ein riskanter Zug,aber ich kann keine
konkrete Wiederlegung sehen.Ribli.} hxg3 (27... h3 28. Bf3 Qf5 29. Nd4 Qd3) 28.
fxg3 Qg4 29. Qb3) 27... Qg4 28. b3 (28. Bf3 Qh3 29. Bg2 $11) (28. Re1 Rxe1+ 29.
Qxe1 Qxc4 $11) 28... Nh5 29. Bf3 (29. Qf3 {Meulders} Qg5 30. Rf1 $16) 29... Qh3
30. Bxh5 (30. Bg2 $11 {Mit zwei Mehrbauern sollte sich Weiß kaum auf
Zugwiederholung einlassen.}) (30. Bg2 {Meulders} Qg4 31. Qf3) 30... hxg3 {
/\Qh2+/Qxf2#} 31. fxg3 $2 (31. Qxg3 Qxh5 $13 {[%csl Rg1][%cal Re8e4,Re4g4]})
31... Nf4 $17 {Alle drei schwarzen Figuren nehmen an Angriff teil. Weiß kann
nichts gegen die vielfältigen Drohungen ausrichten. Eine böse Uberraschung:
der Springer ist Tabu und es droht sowohl Qg2# als Ne2 mit Damengewinn..} 32.
Bxf7+ (32. gxf4 Re3 33. Ne7+ (33. Bxf7+ Kxf7 $19) 33... Kf8 $19) (32. Qf3 $1
Re3 (32... Re2 $2 33. gxf4 Qh2+ 34. Kf1 $18) (32... Ne2+ 33. Kf2 Qh2+ 34. Qg2
Qxg2+ 35. Kxg2 Nxc1 36. Nd4 (36. b4 Re4 $17)) 33. Bxf7+ Kh8 34. Be6 $16) 32...
Kxf7 33. Qf3 (33. Nd8+ Kg8 34. gxf4 Re3 $19 {[%csl Rg1]}) 33... g5 $19 {
Ich vermute, daß Weiß diesen Zug übersehen hat. Jetzt ist der gefährliche
schwarze Springer verteidigt, und es droht 34...Re2 oder 34...Re3. Weiß kann
diese Drohungen nicht gleichzeitig parieren.} 34. Rf1 Re3 {Und da das Matt
nicht mehr abzuwenden ist, gab Weiß auf.Ribli.} (34... Re2 35. Qxe2) 0-1